000 00589nam a22001817a 4500
005 20251108164954.0
008 250721s1983 xx 000 0 ara d
082 1 4 _a657.42/خلي
100 1 _aضو، خليفة علي
245 1 0 _aمحاسبة التكاليف :
_bنظريات و تطبيق /
250 _aط2.
264 1 _aطرابلس (ليبيا) :
_bالدار الجماهيرية للنشر و التوزيع و الإعلان،
_c1983.
300 _a512ص
650 1 7 _aالمحاسبة
650 1 7 _aمحاسبة التكاليف
942 _2ddc
_cBK
999 _c18762
_d18762